000 01657nam0a22003131 4500
001 rc\2857386
005 20260503060420.0
035 _a(NLR Aleph) 007011909
090 _a5822853
_c5822853
100 _a20110708d1930 |||y0rusy50 ca
101 0 _arus
102 _aRU
105 _aba z 000yy
200 1 _aТуруханский край
_eэкономический обзор с историческим очерком
_fГ.Н. Тарасенков
_gс предисл. В.П. Косованова
210 _aКрасноярск
_cТуруханский РИК
_d1930
_gГостипо-литогр.
215 _a[517] с. разд. паг., 1 вкл. л. карт.
_cил., черт., карт.
_d27
300 _aПеред тит. л. 10 с. опечаток
320 _aБиблиогр.: "Список использованных автором литературных источников" : с. 472-477 и в подстроч. примеч.
607 _aТуруханский край
_xНародное хозяйство
_xИстория
_92622702
_3RU\NLR\AUTH\661559262
617 _aСССР
_mСибирь Восточная
_mСевер
_cТуруханский край
686 _aУ03(2Р-4Кра)
700 1 _7ca
_8rus
_aТарасенков
_bГ. Н.
_f1890-1966
_gГеоргий Никанорович
_3RU\NLR\AUTH\770132857
_9132823
702 1 _4080
_7ca
_8rus
_aКосованов
_bВ. П.
_f1880-1938
_gВячеслав Петрович
_3RU\NLR\AUTH\770132880
_9132846
801 0 _aRU
_bNLR
_gpsbo
801 1 _aRU
_bELAR
_2rusmarc
801 2 _aRU
_bNLR
_c20140418
_2rusmarc
852 _aNLR
_j30.5/881
942 _cBOOK
980 _aNB